Detalles MARC
| 000 -LEADER |
| campo de control de longitud fija |
02734cam a22004818i 4500 |
| 001 - NÚMERO DE CONTROL |
| campo de control |
760532789 |
| 003 - IDENTIFICADOR DE NÚMERO DE CONTROL |
| campo de control |
PE-LiUPU |
| 005 - FECHA Y HORA DE LA ÚLTIMA TRANSACCIÓN |
| campo de control |
20250905100510.0 |
| 008 - DATOS DE LONGITUD FIJA--INFORMACIÓN GENERAL |
| campo de control de longitud fija |
111104s2011 dcu b 011 0 eng c |
| 020 ## - NÚMERO INTERNACIONAL ESTÁNDAR DEL LIBRO |
| Número Internacional Estándar del Libro |
0915170477 (alkaline paper) |
| 035 ## - NÚMERO DE CONTROL DEL SISTEMA |
| Número de control de sistema |
(OCoLC)760532789 |
| 040 ## - FUENTE DE CATALOGACIÓN |
| Centro catalogador/agencia de origen |
ICU/DLC |
| Normas de descripción |
rda |
| Lengua de catalogación |
spa |
| Centro/agencia transcriptor |
PE-LiUPU |
| Centro/agencia modificador |
PE-LiUPU |
| 042 ## - CÓDIGO DE AUTENTICACIÓN |
| Código de autenticación |
pcc |
| 049 ## - FONDOS LOCALES (OCLC) |
| Biblioteca depositaria |
EXNS |
| 050 00 - SIGNATURA TOPOGRÁFICA DE LA BIBLIOTECA DEL CONGRESO |
| Número de clasificación |
BS2651 |
| Número de ítem |
.C35 2011 |
| 066 ## - JUEGOS/CONJUNTO DE CARACTERES UTILIZADOS/PRESENTES |
| Juego/conjunto de caracteres alternativo G0 o G1 |
(S |
| 082 00 - NÚMERO DE LA CLASIFICACIÓN DECIMAL DEWEY |
| Número de clasificación |
227.06 |
| Cutter |
C392 |
| Número de edición |
23 |
| 245 00 - MENCIÓN DEL TÍTULO |
| Título |
Celebrating Paul : |
| Resto del título |
festschrift in honor of Jerome Murphy-O'Connor, O.P., and Joseph A. Fitzmyer, S.J. / |
| Mención de responsabilidad, etc. |
editado por Peter Spitaler. |
| 264 ## - PRODUCCIÓN, PUBLICACIÓN, DISTRIBUCIÓN, FABRICACIÓN Y COPYRIGHT |
| Producción, publicación, distribución, fabricación y copyright |
Washington, DC : |
| Nombre del de productor, editor, distribuidor, fabricante |
The Catholic Biblical Association of America, |
| Fecha de producción, publicación, distribución, fabricación o copyright |
2011. |
| 300 ## - DESCRIPCIÓN FÍSICA |
| Extensión |
xxviii, 439 páginas ; |
| Dimensiones |
23 cm. |
| 336 ## - TIPO DE CONTENIDO |
| Término de tipo de contenido |
text |
| Fuente |
rdacontent. |
| 337 ## - TIPO DE MEDIO |
| Nombre/término del tipo de medio |
unmediated |
| Fuente |
rdamedia. |
| 338 ## - TIPO DE SOPORTE |
| Nombre/término del tipo de soporte |
volume |
| Fuente |
rdacarrier. |
| 490 1# - MENCIÓN DE SERIE |
| Mención de serie |
The Catholic Biblical quarterly monograph series ; |
| Designación de volumen o secuencia |
48. |
| 505 ## - NOTA DE CONTENIDO CON FORMATO |
| Nota de contenido con formato |
The significance of the Pauline writings -- Divisions are necessary (1 Corinthians 11:19) -- In search of the historical Paul -- "I rate all things as loss" : Paul's puzzling accounting system : Judaism as loss or the re-evaluation of all things in Christ? -- Paul and the Jewish tradition : the ideology of the Shema -- Paul, a change agent : model for the twenty-first century -- Paul's four discourses about sin -- Adam and Christ in the Pauline Epistles -- Living in newness of life : Paul's understanding of the moral life -- Ecocentric or anthropocentric? : a reading of Romans 8:18-25 -- "Set apart for the gospel" (Romans 1:1) : Paul's self-introduction in the letter to the Romans -- Adam, Christ, and the law in Romans 5-8 -- [Nomos, agapē], and [charismata] in Paul's writings -- Interpreting Romans 11:14 : what is at stake? -- Reinterpreting Romans 13 within its broader context -- "To the Jew first" (Romans 1:16) : Paul's defense of Jewish privilege in Romans -- Paul, ritual purity, and the ritual baths south of the Temple Mount (Acts 21:15-28) -- Where have all my siblings gone? : a reflection on the use of kinship language in the Pastoral Epistles -- Augustine's Pauline method : 1 Corinthians 11:2-16 as a case study. |
| 526 ## - NOTA DE INFORMACIÓN SOBRE EL PROGRAMA DE ESTUDIO |
| Nombre del programa |
Segunda Especialidad En Profecías Bíblicas |
| 526 ## - NOTA DE INFORMACIÓN SOBRE EL PROGRAMA DE ESTUDIO |
| Nombre del programa |
Segunda Especialidad En Nuevo Testamento |
| 526 ## - NOTA DE INFORMACIÓN SOBRE EL PROGRAMA DE ESTUDIO |
| Nombre del programa |
Segunda Especialidad En Antiguo Testamento |
| 526 ## - NOTA DE INFORMACIÓN SOBRE EL PROGRAMA DE ESTUDIO |
| Nombre del programa |
Segunda Especialidad En Estudios Adventistas |
| 526 ## - NOTA DE INFORMACIÓN SOBRE EL PROGRAMA DE ESTUDIO |
| Nombre del programa |
Doctorado en teología |
| 526 ## - NOTA DE INFORMACIÓN SOBRE EL PROGRAMA DE ESTUDIO |
| Nombre del programa |
Maestría en teología histórica |
| 526 ## - NOTA DE INFORMACIÓN SOBRE EL PROGRAMA DE ESTUDIO |
| Nombre del programa |
Maestría en teología bíblica |
| 526 ## - NOTA DE INFORMACIÓN SOBRE EL PROGRAMA DE ESTUDIO |
| Nombre del programa |
Maestría en teología |
| 526 ## - NOTA DE INFORMACIÓN SOBRE EL PROGRAMA DE ESTUDIO |
| Nombre del programa |
Maestría en misionología |
| 526 ## - NOTA DE INFORMACIÓN SOBRE EL PROGRAMA DE ESTUDIO |
| Nombre del programa |
Maestría en liderazgo eclesiástico |
| 526 ## - NOTA DE INFORMACIÓN SOBRE EL PROGRAMA DE ESTUDIO |
| Nombre del programa |
Teología |
| 600 #0 - PUNTO DE ACCESO ADICIONAL DE MATERIA--NOMBRE DE PERSONA |
| Nombre de persona |
Pablo, |
| Títulos y otros términos asociados al nombre |
Apóstol, |
| Subdivisión general |
Crítica e interpretación. |
| 9 (RLIN) |
5101 |
| 700 1# - ENTRADA AGREGADA--NOMBRE PERSONAL |
| Nombre de persona |
Murphy-O'Connor, J. |
| Forma completa/desarrollada del nombre |
(Jerome), |
| Fechas asociadas al nombre |
1935- |
| 700 1# - ENTRADA AGREGADA--NOMBRE PERSONAL |
| Nombre de persona |
Fitzmyer, Joseph A. |
| 700 1# - ENTRADA AGREGADA--NOMBRE PERSONAL |
| Nombre de persona |
Spitaler, Peter. |
| Término indicativo de función/relación |
editor. |
| 942 ## - ELEMENTOS DE ENTRADA SECUNDARIOS (KOHA) |
| Fuente del sistema de clasificación o colocación |
Clasificación Decimal Dewey |
| Tipo de ítem Koha |
Libros físicos |
| Suprimir en OPAC |
No |
| 980 ## - EQUIVALENCIA O REFERENCIA-CRUZADA-MENCIÓN DE SERIE--NOMBRE DE PERSONA/TÍTULO [LOCAL, CANADÁ] |
| ID del usuario creador del registro |
18226 |
| Nombre del creador del registro |
Jaime Vilcazán Jefe de Análisis Documental |
| ID del último usuario que modificó el registro |
18226 |
| Nombre del último usuario que modificó el registro |
Jaime Vilcazán Jefe de Análisis Documental |